<?xml version="1.0" encoding="UTF-8"?>
<record
    xmlns:xsi="http://www.w3.org/2001/XMLSchema-instance"
    xsi:schemaLocation="http://www.loc.gov/MARC21/slim http://www.loc.gov/standards/marcxml/schema/MARC21slim.xsd"
    xmlns="http://www.loc.gov/MARC21/slim">

  <leader>00752nam a22001577a 4500</leader>
  <controlfield tag="003">OSt</controlfield>
  <controlfield tag="005">20150918094028.0</controlfield>
  <controlfield tag="008">150918b        xxu||||| |||| 00| 0 eng d</controlfield>
  <datafield tag="040" ind1=" " ind2=" ">
    <subfield code="c">RUA</subfield>
  </datafield>
  <datafield tag="082" ind1=" " ind2=" ">
    <subfield code="a">AGR SUN 2005 B031 Or.1</subfield>
  </datafield>
  <datafield tag="100" ind1=" " ind2=" ">
    <subfield code="9">727</subfield>
    <subfield code="a">SUN, SOKHUN.</subfield>
  </datafield>
  <datafield tag="245" ind1=" " ind2=" ">
    <subfield code="a">Effect of plant density on growth of artemisia annua at peam cheang rubber plantation, kompongcham &#x17A5;&#x1791;&#x17D2;&#x1792;&#x17B7;&#x1796;&#x179B;&#x178A;&#x1784;&#x17CB;&#x179F;&#x17CA;&#x17B8;&#x178F;&#x17C1;&#x1791;&#x17C5;&#x179B;&#x17BE;&#x1780;&#x17B6;&#x179A;&#x179B;&#x17BC;&#x178F;&#x179B;&#x17B6;&#x179F;&#x17CB;&#x179A;&#x1794;&#x179F;&#x17CB;&#x1780;&#x17BC;&#x1793;&#x179A;&#x17BB;&#x1780;&#x17D2;&#x1781;&#x1787;&#x17B6;&#x178F;&#x17B7;&#x17A2;&#x17B6;&#x178F;&#x17C1;&#x1798;&#x17B8;&#x179F;&#x17CA;&#x17B8;&#x1799;&#x17C9;&#x17B6; &#x17A2;&#x17B6;&#x1793;&#x17BB;&#x1799;&#x17A2;&#x17B6; &#x1793;&#x17C5;&#x1785;&#x17C6;&#x1780;&#x17B6;&#x179A;&#x1780;&#x17C5;&#x179F;&#x17CA;&#x17BC;&#x1796;&#x17B6;&#x1798;&#x1787;&#x17B6;&#x17C6;&#x1784; &#x1781;&#x17C1;&#x178F;&#x17D2;&#x178A;&#x1780;&#x17C6;&#x1796;&#x1784;&#x17CB;&#x1785;&#x17B6;&#x1798;</subfield>
  </datafield>
  <datafield tag="260" ind1=" " ind2=" ">
    <subfield code="a">Phnom Penh </subfield>
    <subfield code="b">RUA</subfield>
    <subfield code="c">2005</subfield>
  </datafield>
  <datafield tag="300" ind1=" " ind2=" ">
    <subfield code="a">xii; 55p.</subfield>
    <subfield code="b">ill.</subfield>
    <subfield code="c">29cm.</subfield>
  </datafield>
  <datafield tag="942" ind1=" " ind2=" ">
    <subfield code="2">ddc</subfield>
    <subfield code="c">AGR</subfield>
  </datafield>
  <datafield tag="999" ind1=" " ind2=" ">
    <subfield code="c">700</subfield>
    <subfield code="d">700</subfield>
  </datafield>
  <datafield tag="952" ind1=" " ind2=" ">
    <subfield code="0">0</subfield>
    <subfield code="1">0</subfield>
    <subfield code="2">ddc</subfield>
    <subfield code="4">0</subfield>
    <subfield code="6">AGR_SUN_2005_000000000000000_B031_OR_1</subfield>
    <subfield code="7">0</subfield>
    <subfield code="9">2936</subfield>
    <subfield code="a">LBB</subfield>
    <subfield code="b">LBB</subfield>
    <subfield code="c">B031</subfield>
    <subfield code="d">2015-09-18</subfield>
    <subfield code="o">AGR SUN 2005 B031 Or.1</subfield>
    <subfield code="p">RUA001115</subfield>
    <subfield code="r">2015-09-18</subfield>
    <subfield code="w">2015-09-18</subfield>
    <subfield code="y">AGR</subfield>
  </datafield>
  <datafield tag="952" ind1=" " ind2=" ">
    <subfield code="0">0</subfield>
    <subfield code="1">0</subfield>
    <subfield code="2">ddc</subfield>
    <subfield code="4">0</subfield>
    <subfield code="6">AGR_SUN_2005_000000000000000_B031_OR_2</subfield>
    <subfield code="7">0</subfield>
    <subfield code="9">2937</subfield>
    <subfield code="a">LBB</subfield>
    <subfield code="b">LBB</subfield>
    <subfield code="c">B031</subfield>
    <subfield code="d">2015-09-18</subfield>
    <subfield code="o">AGR SUN 2005 B031 Or.2</subfield>
    <subfield code="p">RUA001331</subfield>
    <subfield code="r">2015-09-18</subfield>
    <subfield code="w">2015-09-18</subfield>
    <subfield code="y">AGR</subfield>
  </datafield>
  <datafield tag="952" ind1=" " ind2=" ">
    <subfield code="0">0</subfield>
    <subfield code="1">0</subfield>
    <subfield code="2">ddc</subfield>
    <subfield code="4">0</subfield>
    <subfield code="6">AGR_SUN_2005_000000000000000_B031_OR_3</subfield>
    <subfield code="7">0</subfield>
    <subfield code="9">2986</subfield>
    <subfield code="a">LBB</subfield>
    <subfield code="b">LBB</subfield>
    <subfield code="c">B031</subfield>
    <subfield code="d">2015-09-18</subfield>
    <subfield code="o">AGR SUN 2005 B031 Or.3</subfield>
    <subfield code="p">RUA002298</subfield>
    <subfield code="r">2015-09-18</subfield>
    <subfield code="w">2015-09-18</subfield>
    <subfield code="y">AGR</subfield>
  </datafield>
  <datafield tag="952" ind1=" " ind2=" ">
    <subfield code="0">0</subfield>
    <subfield code="1">0</subfield>
    <subfield code="2">ddc</subfield>
    <subfield code="4">0</subfield>
    <subfield code="6">AGR_SUN_2005_000000000000000_B031_OR_4</subfield>
    <subfield code="7">0</subfield>
    <subfield code="9">2987</subfield>
    <subfield code="a">LBB</subfield>
    <subfield code="b">LBB</subfield>
    <subfield code="c">B031</subfield>
    <subfield code="d">2015-09-18</subfield>
    <subfield code="o">AGR SUN 2005 B031 Or.4</subfield>
    <subfield code="p">RUA002439</subfield>
    <subfield code="r">2015-09-18</subfield>
    <subfield code="w">2015-09-18</subfield>
    <subfield code="y">AGR</subfield>
  </datafield>
  <datafield tag="952" ind1=" " ind2=" ">
    <subfield code="0">0</subfield>
    <subfield code="1">0</subfield>
    <subfield code="2">ddc</subfield>
    <subfield code="4">0</subfield>
    <subfield code="6">AGR_SUN_2005_000000000000000_B031_OR_5</subfield>
    <subfield code="7">0</subfield>
    <subfield code="9">2988</subfield>
    <subfield code="a">LBB</subfield>
    <subfield code="b">LBB</subfield>
    <subfield code="c">B031</subfield>
    <subfield code="d">2015-09-18</subfield>
    <subfield code="o">AGR SUN 2005 B031 Or.5</subfield>
    <subfield code="p">RUA002297</subfield>
    <subfield code="r">2015-09-18</subfield>
    <subfield code="w">2015-09-18</subfield>
    <subfield code="y">AGR</subfield>
  </datafield>
  <datafield tag="952" ind1=" " ind2=" ">
    <subfield code="0">0</subfield>
    <subfield code="1">0</subfield>
    <subfield code="2">ddc</subfield>
    <subfield code="4">0</subfield>
    <subfield code="6">AGR_SUN_2005_000000000000000_B031_OR_6</subfield>
    <subfield code="7">0</subfield>
    <subfield code="9">2989</subfield>
    <subfield code="a">LBB</subfield>
    <subfield code="b">LBB</subfield>
    <subfield code="c">B031</subfield>
    <subfield code="d">2015-09-18</subfield>
    <subfield code="o">AGR SUN 2005 B031 Or.6</subfield>
    <subfield code="p">RUA002444</subfield>
    <subfield code="r">2015-09-18</subfield>
    <subfield code="w">2015-09-18</subfield>
    <subfield code="y">AGR</subfield>
  </datafield>
</record>
